=LDR 00000nam 2200000 4500 =001 INLIS000000000035165 =005 20130612141037 =008 ***********************************ind** =035 ##$$0010-061300000035165 =041 ##$$a ind =082 ##$$a 370.71 =090 ##$$a 370.71, Anj,p =100 ##$$a Anjali, Munaya P.Khanra =245 ##$$a Pintar Presentasi, Kiat-Kiat Menampilkan Presentasi Cerdas dan Memikat, Munaya P. Khanra Anjali; Penyunting, Yusuf Anas =260 ##$$a 2008 $b Yogyakarta =300 ##$$a 256 hlm.; 20 cm =650 ##$$a Praktik Keguruan =700 ##$$a Anas,Yusuf =850 ##$$a NBPNMAT =990 ##$$a 0316/PN/2014 =990 ##$$a 93017/BPAP-NTB/2014 =990 ##$$a 0001/BPAP-NTB/20142015 =990 ##$$a 21602236/BPAP-NTB/2017